Komunikasi pejabat

Bibliographic Details
Main Author: Sulaiman Masri
Other Authors: Ahmad Khair Mohd Nor
Format: Book
Published: Kuala Lumpur : Utusan Publications&Distributors , 2005
Subjects:

MARC

LEADER 00000cam a2200000 7i4500
001 0000014577
005 20080304.0
008 080304
020 |a 9676116564 
090 0 0 |a 658.45   |b SUL 
100 0 |a Sulaiman Masri 
245 1 0 |a Komunikasi pejabat   |c Sulaiman Masri, Ahmad Khair Mohd Nor 
260 |a Kuala Lumpur :   |b Utusan Publications&Distributors ,   |c 2005 
650 0 |a Business communication 
650 0 |a Communication in management 
650 0 |a Interpersonel communication 
700 0 |a Ahmad Khair Mohd Nor 
999 |a 0001014727   |b Book   |c Adult Collection   |e Perbadanan Perpustakaan Awam Johor 
999 |a 0001014728   |b Book   |c Adult Collection   |e Perbadanan Perpustakaan Awam Johor 
999 |a 0001014729   |b Book   |c Adult Collection   |e Perbadanan Perpustakaan Awam Johor 
999 |a 0001034448   |b Book   |c Adult Collection   |e Desa - PPAJ 
999 |a 0001034464   |b Book   |c Adult Collection   |e Desa - PPAJ 
999 |a 0001257753   |b Book   |c Adult Collection   |e Cawangan Muar